Các phương pháp phân tích hoá học hữu cơ T. 1 Các phương pháp phân tích hoá học hữu cơ
Phân tích định tính và định lượng nguyên tố hữu cơ gồm có: Phân tích bán vi lượng, vi lượng và siêu vi lượng. Xác định các nhóm chức quan trọng và phân tích các loại hợp chất hữu cơ, chủ yếu như nhóm hiđrocacbua và nhóm oxy
সংরক্ষণ করুন:
| প্রধান লেখক: | |
|---|---|
| অন্যান্য লেখক: | , , , |
| বিন্যাস: | গ্রন্থ |
| ভাষা: | Vietnamese |
| প্রকাশিত: |
H.
Khoa học và kỹ thuật
1977
|
| বিষয়গুলি: | |
| ট্যাগগুলো: |
ট্যাগ যুক্ত করুন
কোনো ট্যাগ নেই, প্রথমজন হিসাবে ট্যাগ করুন!
|
| Thư viện lưu trữ: | Mạng thư viện Đại học Đà Nẵng |
|---|
| LEADER | 01656nam a2200385 4500 | ||
|---|---|---|---|
| 001 | 000008592 | ||
| 003 | 4782 | ||
| 005 | 20111019151020.0 | ||
| 008 | 111019s1977 viesd | ||
| 041 | 0 | |a vie | |
| 082 | |a 547.3 |b WE-H | ||
| 100 | 0 | |a Weyl, Houben | |
| 245 | 1 | 0 | |a Các phương pháp phân tích hoá học hữu cơ |c Houben Weyl ; Người dịch: Nguyễn Đức Huệ, ... |n T. 1 |p Các phương pháp phân tích hoá học hữu cơ |
| 260 | |a H. |b Khoa học và kỹ thuật |c 1977 | ||
| 300 | |a 500tr |c 24cm | ||
| 520 | |a Phân tích định tính và định lượng nguyên tố hữu cơ gồm có: Phân tích bán vi lượng, vi lượng và siêu vi lượng. Xác định các nhóm chức quan trọng và phân tích các loại hợp chất hữu cơ, chủ yếu như nhóm hiđrocacbua và nhóm oxy | ||
| 653 | |a Phân tích | ||
| 653 | |a Hóa học | ||
| 653 | |a Hữu cơ | ||
| 700 | |a Nguyễn Đức Huệ |e Dịch | ||
| 700 | |a Đào Hữu Vinh |e Dịch | ||
| 700 | |a Nguyễn Đình Soa |e Dịch | ||
| 700 | |a Nguyễn Đức Thạch |e Dịch | ||
| 773 | |t Các phương pháp phân tích hóa học hữu cơ |w 4777 | ||
| 910 | |a MPhuong |d 19/10 | ||
| OWN | |a LSP | ||
| AVA | |a UDN50 |b LSP |d 547.3 WE-H |e unavailable |t Error 5002 Not defined in file expand_doc_bib_avail. |f 1 |g 1 |h N |i 0 |k 1 | ||
| 999 | |a From the UDN01 | ||
| AVA | |a UDN50 |b LSP |d 547.3 WE-H |e unavailable |t Error 5002 Not defined in file expand_doc_bib_avail. |f 1 |g 1 |h N |i 0 |k 1 | ||
| TYP | |a Monograph | ||
| TYP | |a Printed language | ||
| 980 | |a Mạng thư viện Đại học Đà Nẵng | ||